000 00334nam a22001097a 4500
040 _aDLC
_cDLC
082 _2137.40
_aAIS
245 _aSpecification for Structural Steel Buildings ANSI/AISC 360-22
260 _aAISC
_bChicago
_c2022
440 _aSpecification for Structural Steel Buildings ANSI/AISC 360-22
_9123538
942 _2ddc
_cBK
999 _c609706
_d609706